000 00663nam a2200193Ia 4500
008 201221s9999||||xx |||||||||||||| ||und||
020 _a1850755779
020 _a9781850755777
041 _aeng
050 _aBS1335.2
_b.D88 1996
100 _aDutcher-Walls, Patricia
245 0 _aNarrative art, political rhetoric :
_bthe case of Athaliah and Joash /
_cPatricia Dutcher-Walls
260 _aSheffield, England :
_bSheffield Academic Press,
_c1996
300 _a198 p.
_b;
_c24 cm.
490 _aJournal for the study of the Old Testament. Supplement series
_v209
650 _aAthaliah, Queen of Judah.
650 _aJoash, King of Judah.
999 _c33915
_d33915